000 00295nam a22001337a 4500
008 170505b xxu||||| |||| 00| 0 eng d
020 _a9781931719605
041 _aeng
080 _22ND
_a34
100 _a15
101 _aSHJ
245 _aLAW IN OUR LIVES
_cFRIEDRICHS, D.O
942 _2udc
_cBK
999 _c12824
_d12824